000 00847 a2200205 4500
010 _aENG-89622
020 _c175.00
_a8188629618
035 _aEN-73155
037 _bDBAD / PUB
082 1 4 _a305.563309034
090 _c11350
_d11350
100 1 _aDua, J.C.
245 1 _aLanded elites in upheaval-forms and contents of resistance by the palegars-1800-1846/
_c by J.C. Dua
260 _aDelhi
_bOriginals
_c2006
270 _aA-6, Nimri Commercial Centre, Near Ashok Vihar Phase-IV,
_bDelhi
_e110 052
_mlpp@nde.vsnl.net.in
_cDelhi
300 _aV, 106P.
_c21cm (Hb )
500 _aDr. Kalaignar Thiru M. Karunanidhi endowment lectures, Madras University, Madras, 7th, 10th, 11th April, 1995
942 _adpl
_cEN
_k 305.563309034/ DUA
999 _c11043
_d11043